The LEGO Batman Movie: Characters by Picture - Statistics

General Stats
  • This quiz has been taken 276 times
    274 since last reset
  • The average score is 34 of 57
Answer Stats
Picture Answer % Correct
Batman/Bruce Wayne
100%
Robin/Dick Grayson
99%
The Joker
99%
Superman/Clark Kent/Kal-El
98%
Alfred Pennyworth
95%
Catwoman/Selina Kyle
95%
Harley Quinn/Harleen Quinzel
95%
Batgirl/Barbara Gordon
94%
Poison Ivy/Pamela Isley
93%
The Riddler/Edward Nigma
93%
Two-Face/Harvey Dent
90%
Jim Gordon
89%
Bane
86%
Killer Croc/Waylon Jones
86%
Mister Freeze/Victor Fries
86%
The Flash/Barry Allen
86%
Green Lantern/Hal Jordan
85%
The Penguin/Oswald Cobblepot
85%
Scarecrow/Jonathan Crane
84%
Wonder Woman/Diana Prince
84%
Aquaman/Arthur Curry
79%
Count Dracula
75%
Clayface/Basil Karlo
71%
Lord Voldemort/Tom Riddle
71%
Green Arrow/Oliver Queen
70%
Man-Bat/Kirk Langstrom
68%
Wicked Witch of the West
67%
King Kong
64%
Calendar Man/Julian Day
57%
Condiment King/Buddy Standler
56%
Polka-Dot Man/Abner Krill
55%
Sauron
55%
Kite-Man/Charles Brown
54%
Eraser/Lenny Fiasco
53%
Jaws/Bruce
51%
Mayor McCaskill
50%
Killer Moth/Drury Walker
49%
Captain Boomerang/Digger Harkness
48%
Egghead
47%
Orca/Grace Balin
47%
Hawkgirl/Shiera Sanders
43%
Zebra-Man/Jacob Baker
41%
Hugo Strange
39%
Catman/Thomas Blake
33%
Clock King/William Tockman
33%
Gentleman Ghost/James Craddock
30%
Agent Smith
26%
Crazy Quilt/Paul Dekker
24%
Tarantula/Catalina Flores
23%
Magpie/Margaret Pye
15%
Wonder Dog
14%
Aaron Cash
13%
Mutant Leader
13%
The Kraken
11%
El Dorado
10%
Phyllis
10%
Gleek
6%
No matching quizzes found
Score Distribution
Percent of People with Each Score
Percentile by Number Answered
Your Score History
You have not taken this quiz since the last reset